| 000 | 00861nmc a2200301 a 4500 | ||
|---|---|---|---|
| 003 | AR-BaBNM | ||
| 005 | 20251128210140.0 | ||
| 008 | 249019s1997 ||||||||||||||000 | spa|| | ||
| 020 | _a84-313-1528-8 | ||
| 040 | _cAR-BaBNM | ||
| 100 | 1 | _aDurand, Julio César | |
| 245 | 1 | 0 | _aDirección y liderazgo del departamento académico de la universidad |
| 260 |
_aNavarra _bEUNSA _c1997 |
||
| 300 | 0 |
_a338 p. _btablas, gráfs. |
|
| 490 | 0 | _aCiencias de la educación | |
| 500 | 0 | _aAnexo p. 321-323 | |
| 504 | _aContiene bibliografía p. 325-338 | ||
| 650 | 4 | _aUNIVERSIDADES | |
| 650 | 4 | _aORGANIZACION DE LA UNIVERSIDAD | |
| 650 | 4 | _aLIDERAZGO | |
| 650 | 4 | _aADMINISTRACION ESCOLAR | |
| 650 | 4 | _aPLANIFICACION ESTRATEGICA | |
| 650 | 4 | _aPROFESORES | |
| 650 | 4 | _aMATERIAS DE ESTUDIO | |
| 653 | 0 | _aEDUCACION SUPERIOR | |
| 942 | _cBK | ||
| 998 | _cRaquel | ||
| 999 |
_c14258 _d14258 |
||